Biodiversity and pest management in agroecosystems / (Record no. 480769)

000 -LEADER
fixed length control field 01155cam a22003374a 4500
001 - CONTROL NUMBER
control field 12926966
003 - CONTROL NUMBER IDENTIFIER
control field ASAB
005 - DATE AND TIME OF LATEST TRANSACTION
control field 20180827062824.0
008 - FIXED-LENGTH DATA ELEMENTS--GENERAL INFORMATION
fixed length control field 020912s2004 nyua b 001 0 eng
010 ## - LIBRARY OF CONGRESS CONTROL NUMBER
LC control number 2002014860
020 ## - INTERNATIONAL STANDARD BOOK NUMBER
International Standard Book Number 1560229225 (hardcover : alk. paper)
020 ## - INTERNATIONAL STANDARD BOOK NUMBER
International Standard Book Number 1560229233 (softcover : alk. paper)
040 ## - CATALOGING SOURCE
Transcribing agency ASAB
042 ## - AUTHENTICATION CODE
Authentication code pcc
050 00 - LIBRARY OF CONGRESS CALL NUMBER
Classification number SB933.3
Item number .A38 2004
082 00 - DEWEY DECIMAL CLASSIFICATION NUMBER
Classification number 632.7
Edition number 21
100 1# - MAIN ENTRY--PERSONAL NAME
Personal name Altieri, Miguel A.
9 (RLIN) 3649
245 10 - TITLE STATEMENT
Title Biodiversity and pest management in agroecosystems /
Statement of responsibility, etc. Miguel Angel Altieri, Clara I. Nicholls.
250 ## - EDITION STATEMENT
Edition statement 2nd ed.
260 ## - PUBLICATION, DISTRIBUTION, ETC.
Place of publication, distribution, etc. New York :
Name of publisher, distributor, etc. Food Products Press,
Date of publication, distribution, etc. c2004.
300 ## - PHYSICAL DESCRIPTION
Extent xii, 236 p. :
Other physical details ill. ;
Dimensions 23 cm.
504 ## - BIBLIOGRAPHY, ETC. NOTE
Bibliography, etc. note Includes bibliographical references (p. 203-224) and index.
650 #0 - SUBJECT ADDED ENTRY--TOPICAL TERM
Topical term or geographic name entry element Insect pests
General subdivision Biological control.
9 (RLIN) 3650
650 #0 - SUBJECT ADDED ENTRY--TOPICAL TERM
Topical term or geographic name entry element Insects
General subdivision Ecology.
9 (RLIN) 3651
650 #0 - SUBJECT ADDED ENTRY--TOPICAL TERM
Topical term or geographic name entry element Biodiversity.
9 (RLIN) 3652
650 #0 - SUBJECT ADDED ENTRY--TOPICAL TERM
Topical term or geographic name entry element Agricultural ecology.
9 (RLIN) 3653
700 1# - ADDED ENTRY--PERSONAL NAME
Personal name Nicholls, Clara I.
9 (RLIN) 3654
856 42 - ELECTRONIC LOCATION AND ACCESS
Materials specified Book review (E-STREAMS)
Uniform Resource Identifier <a href="http://www.e-streams.com/es0708/es0708_3427.html">http://www.e-streams.com/es0708/es0708_3427.html</a>
906 ## - LOCAL DATA ELEMENT F, LDF (RLIN)
a 7
b cbc
c orignew
d 1
e ecip
f 20
g y-gencatlg
942 ## - ADDED ENTRY ELEMENTS (KOHA)
Source of classification or shelving scheme
Koha item type Book
Holdings
Withdrawn status Lost status Source of classification or shelving scheme Damaged status Not for loan Permanent Location Current Location Date acquired Total Checkouts Full call number Barcode Date last seen Price effective from Koha item type
          Central Library (CL) Central Library (CL) 04/25/2018   632.7 ALT ASAB1742 04/25/2018 04/25/2018 Book
© 2023 Central Library, National University of Sciences and Technology. All Rights Reserved.